00000000nam 2200000zi 4500
0019.947183
003CaOODSP
00520250121095557
006m     o  d f      
007cr mn|||||||||
008250121t19781978oncad   obu  f000 0 fre d
040 |aCaOODSP|bfre|erda|cCaOODSP
043 |an-cn---
0861 |aNR24-72/1978-1F-PDF
24500|aCommentaire sur les Mesures d'économie d'énergie dans les nouveaux bâtiments 1978 / |cpublié par le Comité associé du Code national du bâtiment.
250 |aPremière édition 1978.
264 1|aOttawa : |bConseil national de recherches du Canada, |c1978.
264 4|c©1978
300 |a1 ressource en ligne (vii, 41pages) : |billustrations, graphiques
336 |atexte|btxt|2rdacontent/fre
337 |ainformatique|bc|2rdamedia/fre
338 |aressource en ligne|bcr|2rdacarrier/fre
500 |aPublié aussi en anglais sous le titre : Commentary on Measures for energy conservation in new buildings 1978.
504 |aComprend des références bibliographiques (page 41).
520 |a« Le présent commentaire donne des précisions sur le but ou l'application de certaines des exigences des Mesures d'économie d'énergie dans les nouveaux bâtiments 1978 » -- Page 1.
650 6|aArchitecture et économies d'énergie|zCanada.
650 6|aConstructions|xÉconomies d'énergie|xNormes|zCanada.
7102 |aConseil national de recherches Canada. |bComité associé sur le Code national du bâtiment, |eorganisme de publication.
77508|tCommentary on Measures for energy conservation in new buildings 1978 / |w(CaOODSP)9.895150
85640|qPDF|s1.67 Mo|uhttps://publications.gc.ca/collections/collection_2025/cnrc-nrc/NR24-72-1978-1-fra.pdf
986 |a16945F